| 000 | 00390nam a2200145 i 4500 | ||
|---|---|---|---|
| 001 | 76679 | ||
| 003 | ES-MaACL | ||
| 005 | 20230906172923.0 | ||
| 007 | t| | ||
| 008 | 041004s1928 sp ||||1| spa d | ||
| 245 | 0 | 0 |
_aGuía del viajero en Colombia _b: Baedeker moderno. |
| 260 |
_aBarcelona : _bSalvador López, _c1928. |
||
| 300 |
_a156 p. : _bil. ; _c16 cm. |
||
| 852 |
_aES-MaACL _jF-10121 |
||
| 999 |
_c76679 _d76679 |
||